| 000 | 00583nam a2200217 a 4500 | ||
|---|---|---|---|
| 001 | BRL_1167 | ||
| 005 | 20190320211050.0 | ||
| 008 | 211113s1927----gw-#######---#000-0ager-# | ||
| 041 | _ager | ||
| 044 | _agw | ||
| 050 | 4 |
_aML410.B4 _b.S74 1927 |
|
| 100 | 1 |
_aSteinitzer, Max _d1864-1936 _925986 |
|
| 245 | 1 | 0 |
_aBeethoven _cvon Max Steinitzer. |
| 260 |
_aLeipzig _bPhilipp Reclam Jun. _c1927 |
||
| 300 |
_a129 p. _c15 cm. |
||
| 440 | 0 |
_aMusiker biographien _vBand 2 _925987 |
|
| 500 | _aAu1373 | ||
| 600 | 1 | 4 |
_aBeethoven, Ludwig van _d1770-1827 _917703 |
| 902 | _aGRL | ||
| 942 |
_2lcc _cB |
||
| 999 |
_c9979 _d9979 |
||